What do economists know? : Six lectures on economics in the crisis of democracy.

Bibliographic Details
Main Author: Higgins, Benjamin Howard, 1912-
Format: Book
Language:English
Published: [Melbourne] : Melbourne University Press, [1951]
Subjects:

MARC

Tag First Indicator Second Indicator Subfields
LEADER 00000cam a2200000 4500
001 in00000068509
005 20151008050219.0
008 720602s1951 at b 00000 eng c
010 |a a 52005059  
035 |a (OCoLC)00323526 
035 |9 AAG0044AM 
040 |a Yale Univ. Library  |c CSU  |d OCL  |d TXA  |d UtOrBLW 
049 |a TXAM  |c [211617] 
050 0 |a HB71  |b .H63 
082 0 |a 330.4 
092 |a 330.4  |b H636w 
100 1 |a Higgins, Benjamin Howard,  |d 1912- 
245 1 0 |a What do economists know? :  |b Six lectures on economics in the crisis of democracy. 
264 1 |a [Melbourne] :  |b Melbourne University Press,  |c [1951] 
300 |a viii, 166 pages ;  |c 22 cm. 
336 |a text  |b txt  |2 rdacontent 
337 |a unmediated  |b n  |2 rdamedia 
338 |a volume  |b nc  |2 rdacarrier 
504 |a Bibliographical footnotes. 
650 0 |a Economics. 
650 0 |a Economic policy. 
999 |a MARS 
999 f f |s b0b9a395-278f-3cc2-b649-ff1cb4935bdd  |i 6e360cb6-032f-3dc7-9676-e07332c9923e  |t 0 
952 f f |p ric  |a Texas A&M University  |b Rellis Campus  |c Joint Library Facility  |d Remote Storage  |t 0  |e HB71 .H63  |h Library of Congress classification  |i unmediated -- volume  |m A14800696159 
998 f f |a HB71 .H63  |t 0  |l Remote Storage